000
00336nam a2200133Ia 4500
008
230312s9999||||xx |||||||||||||| ||und||
082
_a
891.4
_b
DEE-S
100
_a
محمد دین جوہر
245
0
_a
سرماھی جی
260
_b
فاطمہ جناح لاھور
_a
pak
_c
2014
300
_a
133
650
_a
Literature
942
_c
BK
999
_c
14981
_d
14981